Saltar al contenido
Inicio
Centros participantes
Catálogo
Servicios
Contacto
登錄
English
Deutsch
Español
Français
Italiano
日本語
Nederlands
Português
Português (Brasil)
中文(简体)
中文(繁體)
Türkçe
עברית
Gaeilge
Cymraeg
Ελληνικά
Català
Euskara
Русский
Čeština
Suomi
Svenska
polski
Dansk
slovenščina
اللغة العربية
বাংলা
Galego
Tiếng Việt
Hrvatski
हिंदी
Հայերէն
Українська
Sámegiella
語言
全文檢索
題名
作者
主題
索引號
ISBN/ISSN
標簽
檢索
高級檢索
La compañía multinacional: un...
引用
推薦此
打印
導出紀錄
導出到 RefWorks
導出到 EndNoteWeb
導出到 EndNote
加到收藏夾
Enlace Permanente
Agregar primera valuación
La compañía multinacional: un enfoque radical
Guardado en:
書目詳細資料
主要作者:
Hymer, Stephen H.
格式:
Texto
出版:
Madrid:
H. Blume
標簽:
添加標簽
沒有標簽, 成為第一個標記此記錄!
持有資料
實物特徵
您的評論
相似書籍
職員瀏覽
MARC
LEADER
00000 a a2200000 04500
001
22227
003
040
090
|a
150800
100
|a
Hymer, Stephen H.
245
|a
La compañía multinacional: un enfoque radical
260
|a
Madrid:
|b
H. Blume
300
|a
439 p.
|b
**no definido**
999
|c
15097
|d
15097
相似書籍
Más allá de la clase dirigente
由: Keller, Suzanne
EEUU 1945 - 1985: Economía política y militarización de la economía /
由: Cabrera, M. A
La impagable deuda externa de América Latina y del Tercer Mundo, como puede y debe ser cancelada y la urgente necesidad del nuevo orden económico internacional
由: Castro Ruz, Fidel
El Desarrollo económico de la Europa continental (1500-1750). Historia económica mundial /
由: Kellenbenz, Hermann
Los Países de menor desarrollo económico relativo y la integración en América Latina /